000 00406nam a22001577a 4500
005 20251108170705.0
008 250721s1980 xx 000 0 eng d
082 1 4 _aR/310.5/WHI
100 1 _aWhitaker, Joseph
245 1 3 _aAn almanack for the year of our lord 1981- /
264 1 _aLondon :
_bJ.Whitaker & Sons,
_c1980.
300 _a1196p.
650 1 7 _aAlmanacs
942 _2ddc
_cBK
999 _c46675
_d46675